Statistics for US Towns and Cities by Unrelated Clue

Click here to take the quiz!

General Stats

  • This quiz has been taken 33 times
  • The average score is 14 of 20

Answer Stats

HintStateAnswer% Correct
Ship fastenerAlaska{Anchor}age
100%
Not captiveTennesseeMur{free}sboro
83%
One of a pair born togetherIdaho{Twin} Falls
83%
Definitely not fastArizonaWin{slow}
83%
Bestow someone with a power or right, or perhaps an undergarmentTexasGal{vest}on
80%
Fast flowing and turbulent section of a riverOhioGrand {Rapids}
80%
Fletcher's productOklahomaBroken {Arrow}
77%
Military building used for defenceColorado{Fort} Collins
77%
Draft of a law presented for enactmentMontana{Bill}ings
73%
To flourish, or maybe a flowerIndiana{Bloom}ington
73%
Fortified wineWashington{Port} Angeles
73%
Box used for storageNew YorkRo{chest}er
70%
Mechanism for moving between different water levels on a canalNew York{Lock}port
67%
A digit, specifically the pollexPennsylvaniaNor{thumb}erland
67%
The part of a ship in which a captain stands to control its movementsMarylandCam{bridge}
60%
Element number sixIllinois{Carbon}dale
57%
Increase or additionFlorida{Gain}esville
57%
Unassuming about one's abilitiesCalifornia{Modest}o
50%
Servers, storage and applications accessed over the InternetMinnesotaSt. {Cloud}
50%
Very simple or austereSouth Carolina{Spartan}burg
33%

Score Distribution

Percentile by Number Answered

Percent of People with Each Score

Your Score History

You have not taken this quiz